000 nam a22 7a 4500
999 _c126976
_d126976
008 170921b xxu||||| |||| 00| 0 eng d
020 _a0960689648
050 _aBF432.3.G365 2006
100 _aGlenn, H. Stephen
_936024
245 _aRaising children for success:
_bblueprints and building blocks for developing capable people.
_cby H. Stephen Glenn and Jane Nelsen
260 _aFair Oaks, California
_bSunrise Press
_c1987
300 _a210p.;
_c22cm.
650 _aChild raising
_936119
650 _aChild development
_936120
650 _aSelf-reliance in children
_936121
650 _aSuccess
_936122
700 _aNelsen, Jane
_936025
942 _2lcc
_cMONOGRAPH